| 000 | 00942nas a2200289 4500 | ||
|---|---|---|---|
| 001 | BR0906210 | ||
| 003 | BR-BrBNA | ||
| 005 | 20231205113510.0 | ||
| 007 | ta | ||
| 008 | 230509b bl.|||p| |||| 00| 00por d | ||
| 040 |
_aBR-BrBNA _bpor _cBiblioteca Nacional de Agricultura |
||
| 041 | _a(Pt) | ||
| 072 | _aL52 | ||
| 100 | 1 | _aMarcato, S.M. | |
| 100 | 1 | _aSakomura, N.K. | |
| 100 | 1 | _aFernandez, J.B.K. | |
| 100 | 1 | _aNascimento, D.C.N | |
| 100 | 1 | _aFurlan, R.L. | |
| 100 | 1 | _aPiva, G.H. | |
| 245 | 1 | _aCrescimento e deposição de nutrientes nas penas, músculo, ossos e pele de frangos de corte de duas linhagens comerciais | |
| 650 | _aFRANGO DE CORTE | ||
| 650 | _aCURVA DE CRESCIMENTO | ||
| 773 | 0 |
_tCiência e Agrotecnologia (Brazil) _xISSN 1413-7054 _g(Jul-Aug 2009), v. 33(4) p. 1159-1168 _wBR0906210 |
|
| 856 | 4 | 0 | _uhttp://www.aprh.pt/rgci-155_Borges.pdf |
| 909 |
_a202311 _bLúcia _c55 _dLúcia Elande |
||
| 942 |
_2AGRIS _n0 _cANA |
||
| 999 |
_c204102 _d204102 |
||